| 000 | 00993nam a22002177a 4500 | ||
|---|---|---|---|
| 999 |
_c16737 _d16737 |
||
| 003 | AR-CdUCM | ||
| 008 | 190506b ||||| |||| 00| 0 spa d | ||
| 040 |
_aMUNICIPALIDAD PROVINCIAL DEL CUSCO _cBIBLIOTECA MUNICIPAL DEL CUSCO |
||
| 082 |
_a346.22 / _bC79 |
||
| 100 |
_aCornejo Fava, Teresa _936351 |
||
| 245 | _aEl Derecho alimentario en la jurisprudencia suprema y en la experiencia del distrito judicial de Lima / | ||
| 260 |
_aLima : _bUniversidad Católica del Perú, _c1973. |
||
| 300 |
_a306 páginas ; _c25 cm. |
||
| 505 | _aContenido: Textos legales -- Juicio crítico de algunas de las principales normas legales referentes a la relación alimentaria -- El derecho alimentario en la vida real -- Jurisprudencia civil --Derecho alimentario del hijo ... | ||
| 650 |
_aDerecho alimenticio _936352 |
||
| 650 |
_aJurisprudencia _9927 |
||
| 650 |
_aObligaciones _99376 |
||
| 710 |
_aInstituto de Investigaciones Jurídicas. _936353 |
||
| 942 |
_2ddc _cLIBROS |
||
| 945 |
_aachl _d2019-05-06 |
||